Modul komunikačného prevodníka pre siete IoT
Gespeichert in:
| 1. Verfasser: | |
|---|---|
| Weitere Verfasser: | |
| Format: | Manuskript Buch |
| Sprache: | Slowakisch |
| Veröffentlicht: |
2023
|
| Schlagworte: | |
| Online-Zugang: | http://is.stuba.sk/zp/portal_zp.pl?podrobnosti=162154 |
| Tags: |
Keine Tags, Fügen Sie das erste Tag hinzu!
|
MARC
| LEADER | 00000ntm a22000003a 4500 | ||
|---|---|---|---|
| 001 | stuzp93297 | ||
| 003 | SK-STU | ||
| 005 | 20230909214608.7 | ||
| 007 | ta | ||
| 008 | 150427s2015----xo-----f-mn---000-0-slo-d | ||
| 040 | |a STU |b slo | ||
| 041 | 0 | |a slo | |
| 100 | 1 | |a Bracho, Filip |u 066000 |4 aut |U MTF Materiálovotechnologická fakulta |T MTF Ústav aplikovanej informatiky, automatizácie a mechatroniky |X 110389 |U M6000 |Y 86 |7 110389 | |
| 242 | 0 | 1 | |a Communication converter module for IoT networks |y eng |
| 245 | 1 | 0 | |a Modul komunikačného prevodníka pre siete IoT |
| 260 | |c 2023 | ||
| 650 | 4 | |a UART |2 slo | |
| 650 | 4 | |a rozhranie |2 slo | |
| 650 | 4 | |a prevodník |2 slo | |
| 650 | 4 | |a interface |2 eng | |
| 650 | 4 | |a UART |2 eng | |
| 650 | 4 | |a network |2 eng | |
| 700 | 1 | |a Ďuďák, Juraj |u 066000 |k Z1 |4 ths |U MTF Materiálovotechnologická fakulta |T MTF Ústav aplikovanej informatiky, automatizácie a mechatroniky |X 53397 |U M6000 |Y 86 |7 A000053397 | |
| 856 | 4 | |u http://is.stuba.sk/zp/portal_zp.pl?podrobnosti=162154 | |
| 996 | |c M* BP-9526 |l MMSKP |s P |a 0 |w stuzp93297_0001 | ||